Aladdin / (رقم التسجيلة. 115665)
[ عرض عادي ]
| 000 -LEADER | |
|---|---|
| fixed length control field | 00471nam a22001817a 4500 |
| 005 - DATE AND TIME OF LATEST TRANSACTION | |
| control field | 20251108174707.0 |
| 008 - FIXED-LENGTH DATA ELEMENTS--GENERAL INFORMATION | |
| fixed length control field | 250721s9999 xx 000 0 eng d |
| 082 14 - DEWEY DECIMAL CLASSIFICATION NUMBER | |
| Classification number | J/F/GOO |
| 100 1# - MAIN ENTRY--PERSONAL NAME | |
| Personal name | gool, van |
| 245 10 - TITLE STATEMENT | |
| Title | Aladdin / |
| 264 1# - PRODUCTION, PUBLICATION, DISTRIBUTION, MANUFACTURE, AND COPYRIGHT NOTICE | |
| Place of production, publication, distribution, manufacture | belgium : |
| Name of producer, publisher, distributor, manufacturer | creations for children international, |
| 300 ## - PHYSICAL DESCRIPTION | |
| Extent | LEVEL 2 |
| 490 0# - SERIES STATEMENT | |
| Series statement | I Can Read |
| 650 17 - SUBJECT ADDED ENTRY--TOPICAL TERM | |
| Topical term or geographic name as entry element | FICTION |
| 653 ## - INDEX TERM--UNCONTROLLED | |
| Uncontrolled term | اطفال مرحله متوسطه (6-9) سنوات |
| 942 ## - ADDED ENTRY ELEMENTS (KOHA) | |
| Source of classification or shelving scheme | Dewey Decimal Classification |
| Koha item type | كتب |
| حالة السحب | حالة الفقدان | مصدر التصنيف | حالة التلف | غير قابل للإعارة | المكتبة الرئيسية | المكتبة الحالية | موقع الرف | تاريخ التزويد | الرقم المتسلسل | Total Checkouts | رقم الإستدعاء | الباركود | تاريخ آخر ظهور | تاريخ الفاتورة | نوع المادة (كوها) |
|---|---|---|---|---|---|---|---|---|---|---|---|---|---|---|---|
| Dewey Decimal Classification | مكتبة البشائر للأطفال | مكتبة البشائر للأطفال | الإعارة | 11/06/2015 | 528163 | J/F/GOO | PLD00330582 | 28/07/2025 | 11/06/2015 | كتب | |||||
| Dewey Decimal Classification | مكتبة النصر العامة | مكتبة النصر العامة | الإعارة | 23/04/2015 | [ 2834 ] | J/F/GOO | PLD00385707 | 28/07/2025 | 23/04/2015 | كتب |